000 00545nam a2200181 i 4500
001 34073
003 ES-MaACL
005 20251003063048.0
007 t|
008 030204s1968 sp ||||1| spa d
100 1 _aBöll, Heinrich,
_d1917-1985
_929974
245 1 0 _aOpiniones de un payaso /
_cHeinrich Böll ; [traducción de Lucas Casas].
260 _a[S.l.] :
_bCírculo de Lectores,
_c[1968]
300 _a245 p. ;
_c19 cm.
700 1 _aCasas, Lucas.
_936202
852 _aES-MaACL
_jC-34800
_bR.66772
999 _c34073
_d34073